000
00203 a2200085 4500
245
_a
Literature the individual and the society
_h
Text
100
_a
RAYMOND SOUTHHALL
650
_a
literature
005
20191017172243.0
084
_a
NONE
999
_c
8642
_d
8642